All Old School Runescape Skills - Statistics

General Stats
  • This quiz has been taken 403 times
  • The average score is 20 of 23
Answer Stats
Skill % Correct
Attack
99%
Magic
97%
Strength
96%
Mining
92%
Defense
90%
Fishing
90%
Prayer
90%
Woodcutting
90%
Runecrafting
88%
Smithing
88%
Agility
87%
Crafting
87%
Firemaking
87%
Fletching
86%
Ranged
86%
Cooking
83%
Herblore
83%
Slayer
83%
Construction
82%
Constitution
80%
Hunter
80%
Thieving
80%
Farming
75%
No matching quizzes found
Score Distribution
Percent of People with Each Score
Percentile by Number Answered
Your Score History
You have not taken this quiz